The quark and the jaguar : (Record no. 587809)

000 -LEADER
fixed length control field 01137pam a2200325 a 4500
001 - CONTROL NUMBER
control field 4904467
003 - CONTROL NUMBER IDENTIFIER
control field NUST
005 - DATE AND TIME OF LATEST TRANSACTION
control field 20220207192631.0
008 - FIXED-LENGTH DATA ELEMENTS--GENERAL INFORMATION
fixed length control field 940125s1994 nyua 001 0aeng
010 ## - LIBRARY OF CONGRESS CONTROL NUMBER
LC control number 94001642
020 ## - INTERNATIONAL STANDARD BOOK NUMBER
International Standard Book Number 0716725819 :
Terms of availability $23.95
038 ## - RECORD CONTENT LICENSOR
Staff Name A
040 ## - CATALOGING SOURCE
Original cataloging agency DLC
Transcribing agency DLC
Modifying agency DLC
043 ## - GEOGRAPHIC AREA CODE
Geographic area code s-ec---
-- n-us---
050 00 - LIBRARY OF CONGRESS CALL NUMBER
Classification number QC774.G45
Item number A3 1994
082 00 - DEWEY DECIMAL CLASSIFICATION NUMBER
Classification number 530
Edition number 20
100 2# - MAIN ENTRY--PERSONAL NAME
Personal name Gell-Mann, Murray.
9 (RLIN) 88866
245 14 - TITLE STATEMENT
Title The quark and the jaguar :
Remainder of title adventures in the simple and the complex /
Statement of responsibility, etc. Murray Gell-Mann.
260 ## - PUBLICATION, DISTRIBUTION, ETC.
Place of publication, distribution, etc. New York :
Name of publisher, distributor, etc. W.H. Freeman,
Date of publication, distribution, etc. c1994.
300 ## - PHYSICAL DESCRIPTION
Extent xviii, 392 p. :
Other physical details ill. ;
Dimensions 25 cm.
500 ## - GENERAL NOTE
General note Includes index.
563 ## - BINDING INFORMATION
Binding note H.B
600 10 - SUBJECT ADDED ENTRY--PERSONAL NAME
Personal name Gell-Mann, Murray
General subdivision Travel
Geographic subdivision Ecuador.
9 (RLIN) 88867
650 #0 - SUBJECT ADDED ENTRY--TOPICAL TERM
Topical term or geographic name entry element Particles (Nuclear physics)
9 (RLIN) 88868
650 #0 - SUBJECT ADDED ENTRY--TOPICAL TERM
Topical term or geographic name entry element Nuclear physicists
Geographic subdivision United States
Form subdivision Biography.
9 (RLIN) 88869
651 #0 - SUBJECT ADDED ENTRY--GEOGRAPHIC NAME
Geographic name Ecuador
General subdivision Description and travel.
9 (RLIN) 88870
906 ## - LOCAL DATA ELEMENT F, LDF (RLIN)
a 7
b cbc
c orignew
d 1
e ocip
f 19
g y-gencatlg
942 ## - ADDED ENTRY ELEMENTS (KOHA)
Source of classification or shelving scheme
Koha item type Book
Holdings
Withdrawn status Lost status Source of classification or shelving scheme Materials specified (bound volume or other part) Damaged status Not for loan Permanent Location Current Location Date acquired Total Checkouts Full call number Barcode Date last seen Date last checked out Price effective from Koha item type
      Donation     Central Library (CL) Central Library (CL) 02/07/2022 1 530 GEL CL-D-411 03/03/2023 09/05/2022 02/07/2022 Book
© 2023 Central Library, National University of Sciences and Technology. All Rights Reserved.